000 00406nam a2200145 i 4500
001 28525
003 ES-MaACL
007 t|
008 030117s1972 xxu ||||1| spa d
100 1 _aBaeza Flores, Alberto.
_924621
245 1 0 _aPorque allí no habrá noche /
_cAlberto Baeza Flores.
260 _aMiami :
_bEd. Universal,
_c[1972]
300 _a217 p. ;
_c22 cm.
852 _aES-MaACL
_jE-7058
_bR.91210
999 _c28525
_d28525